000 00711nam a2200157 a 4500
008 120416s1987 xx |||||||||||||| || u
050 _aTHESIS/POSTGRADUATE
100 _aOlden, Edward Anthony
245 1 4 _aThe beneficiaries of library and information policy in British and ex-British Africa
_cPhd thesis
246 _asteps from the white women's league to the electronic library
260 _a
_bUniversity of Illinois at Urbana-Champaign
_c1987
350 _a0.00
650 0 _aLIBRARY SCIENCE--PERIODICALS
650 _aLIBRARIANSHIP--HANDBOOKS, MANUALS, ETC
995 _D0.00
_FCBU-MAIN LIBRARY (Kitwe)
_H1
_I0.00
_M1
_UAVAILABLE
_ZUniversity Collection
999 _c35727
_d35727